| 000 | 00453nam a2200157 a 4500 | ||
|---|---|---|---|
| 001 | 000040952 | ||
| 005 | 20201002034513.0 | ||
| 008 | 130911s2001 utu 000 0 spa d | ||
| 020 | _a0933241011 | ||
| 040 |
_aDO-SdBNP _bspa _cBNPHU |
||
| 082 |
_axxx _bxxx |
||
| 245 | 0 | 0 |
_aThe Business of Diversity : _b"the case for action". |
| 250 | _a6a ed. | ||
| 260 |
_aSalt Lake City, Utah : _bInnovations International, _c2001. |
||
| 300 |
_a56 p. : _bill. ; _c23 cm. |
||
| 999 |
_c40442 _d40442 |
||